Новые препараты полифункционального действия для повышения урожайности и пищевой ценности сельскохозяйственной продукции; Химия и химическая технология в XXI веке; Т. 2
| Parent link: | Химия и химическая технология в XXI веке: материалы XII Всероссийской научно-практической конференции студентов и молодых ученых с международным участием, Томск, 11-13 мая 2011 г./ Национальный исследовательский Томский политехнический университет (ТПУ), Институт природных ресурсов (ИПР).— , 2011 Т. 2.— 2011.— [С. 149-151] |
|---|---|
| Autor principal: | |
| Outros Autores: | , |
| Resumo: | Заглавие с титульного листа Электронная версия печатной публикации |
| Idioma: | russo |
| Publicado em: |
2011
|
| Colecção: | Секция 6. Охрана окружающей среды и экология Homo Sapiens |
| Assuntos: | |
| Acesso em linha: | http://www.lib.tpu.ru/fulltext/v/Conferences/2011/C6/C6a75.pdf |
| Formato: | MixedMaterials Recurso Electrónico Capítulo de Livro |
| KOHA link: | https://koha.lib.tpu.ru/cgi-bin/koha/opac-detail.pl?biblionumber=216238 |
MARC
| LEADER | 00000naa2a2200000 4500 | ||
|---|---|---|---|
| 001 | 216238 | ||
| 005 | 20260120150231.0 | ||
| 035 | |a (RuTPU)RU\TPU\book\236205 | ||
| 035 | |a RU\TPU\book\236157 | ||
| 090 | |a 216238 | ||
| 100 | |a 20120522d2011 k y0rusy50 ca | ||
| 101 | 0 | |a rus | |
| 102 | |a RU | ||
| 135 | |a drnn ---uucaa | ||
| 181 | 0 | |a i | |
| 182 | 0 | |a b | |
| 200 | 1 | |a Новые препараты полифункционального действия для повышения урожайности и пищевой ценности сельскохозяйственной продукции |f Д. Л. Бобровская, А. В. Кравец |g науч. рук. Н. Н. Терещенко | |
| 203 | |a Текст |c электронный | ||
| 215 | |a 1 файл (862 Кб) | ||
| 225 | 1 | |a Секция 6. Охрана окружающей среды и экология Homo Sapiens | |
| 300 | |a Заглавие с титульного листа | ||
| 300 | |a Электронная версия печатной публикации | ||
| 320 | |a [Библиогр.: с. 151 (1 назв.)] | ||
| 337 | |a Adobe Reader | ||
| 461 | 1 | |0 (RuTPU)RU\TPU\book\218704 |t Химия и химическая технология в XXI веке |o материалы XII Всероссийской научно-практической конференции студентов и молодых ученых с международным участием, Томск, 11-13 мая 2011 г. |o в 2 т. |f Национальный исследовательский Томский политехнический университет (ТПУ), Институт природных ресурсов (ИПР) |d 2011 | |
| 463 | 1 | |0 (RuTPU)RU\TPU\book\218881 |t Т. 2 |v [С. 149-151] |d 2011 | |
| 610 | 1 | |a торфяные препараты | |
| 610 | 1 | |a новые препараты | |
| 610 | 1 | |a полифункциональность | |
| 610 | 1 | |a влияние | |
| 610 | 1 | |a грибные инфекции | |
| 610 | 1 | |a развитие | |
| 610 | 1 | |a сельскохозяйственная продукция | |
| 610 | 1 | |a пищевая ценность | |
| 610 | 1 | |a урожайность | |
| 610 | 1 | |a повышение | |
| 610 | 1 | |a электронный ресурс | |
| 700 | 1 | |a Бобровская |b Д. Л. | |
| 701 | 1 | |a Кравец |b А. В. | |
| 702 | 1 | |a Терещенко |b Н. Н. |4 727 | |
| 801 | 1 | |a RU |b 63413507 |c 20120118 | |
| 801 | 2 | |a RU |b 63413507 |c 20130218 |g RCR | |
| 856 | 4 | |u http://www.lib.tpu.ru/fulltext/v/Conferences/2011/C6/C6a75.pdf | |
| 942 | |c CF | ||